000 00665nam a2200229Ia 4500
003 OSt
005 20220923222510.0
006 a|||||r|||| 00| 0
007 ta
008 220922b |||||||| |||| 00| 0 hin d
024 _a205,450
037 _cTextual
040 _aARTS
_cARTS
_bhin
041 _2hin
_ahin
082 _aPz, 152H9;1
100 _aसक्सेना, बाबूराम
245 0 _aसामान्य भाषा विज्ञान
246 _aSāmānya bhāṣhā vijnyāna
260 _c1949
942 _hPz, 152H9;1
_cTEXL
_2CC
999 _c356132
_d356132